01383cam a2200337 4500999001700000001000700017003000900024005001700033008004100050020001500091040003800106082002000144100004200164245022300206250002000429264004900449264001000498300004400508336002600552337002800578338002700606504005100633650002500684653002400709655002400733700006100757700004000818906004500858942001200903952013000915 c28718d28689298055EG-ScBUE20200913133732.0720616t1972 nyua f b 001 0 eng d a0471059749 aDLCbengerdacDLCdDLCdEG-ScBUE04a631.43bBAV2221 aBaver, Leonard David,d1901-eauthor.00aSoil physicscL. D. Baver, Department of Agronomy, Ohio State University, Walter H. Gardner, Department of Agronomy, Washington State University, Wilford R. Gardner, Department of Soil Science, University of Wisconsin. aFourth edition. 1aNew York :bJohn Wiley & Sons, Inc.,c[1972] 4cc1972 axx, 498 pages :billustrations ;c23 cm 2rdacontentatextbtxt 2rdamediaaunmediatedbn 2rdacarrieravolumebnc aIncludes bibliographical references and index. 7aSoil physics.2BUEsh bGGENcSeptember2020 vReading book9342321 aGardner, Walter H.q(Walter Hale),d1917-ejoint author.1 aGardner, Wilford R.,ejoint author. a7bcbccorignewd1eocipf19gy-gencatlg 2ddccBB 00102ddc40708BaccahaMAINbMAINc1STd2020-09-13ePurchasel0o631.43 BAVp000049673r2025-07-15 00:00:00w2020-09-13yBB